01360nam a2200241 a 4500001000200000003000900002005001700011007000300028008004100031040002500072082002400097245011300121260006700234300002100301504005600322505045100378650004100829650005800870650005400928650002600982700004301008710006701051 DO-SdBNP20230301080040.0ta100818s1999 dr 000 0 spa d aDO-SdBNPbspacBPMSU 4a337bR332s 199922200aReflexiones sobre la globalización :bretos y experiencias /ccompilación José Manuel Guzmán Ibarra. aSanto Domingo :bOficina de Comunicación Económica,c1999. a241 p. ;c23 cm. aIncluye bibliografía y notas al pie de páginas.0 tCompitiendo en un mundo globalizado: experiencias latinoamericanas --tIniciativas públicas para aprovechar la globalización --tLa empresa frente a los retos de la Globalización --tLa República Dominicana compitiendo en un mundo globalizado --tIntervenciones de los empresarios --tIntervenciones de los economistas --tLa nueva generación de las reformas --tAprovechando las luces de la globalización /rLeonel Fernández Reyna. 4aGlobalizaciónx Aspectos sociales. 4aEconomía internacionalxEnsayos, conferencias, etc. 4aApertura económicaxEnsayos, conferencias, etc. 4aDesarrollo sostenible1 aGuzmán Ibarra, José Manuel,ecomp.2 aOficina de Comunicación Económica (República Dominicana)